| 000 | 00591nam a2200205 4500 | ||
|---|---|---|---|
| 001 | 122513 | ||
| 003 | ES-MaACL | ||
| 007 | t| | ||
| 008 | 070214s1986 sp r ||||1| spa d | ||
| 020 | _a84-86152-22-4 | ||
| 100 | 1 |
_aPuerta Fonolla, A. J. _994175 |
|
| 245 | 1 | 0 |
_aNeuroanatomía / _cA. J. Puerta Fonolla ; colaboran A. Peña Melián [et. al.]. |
| 260 |
_aMadrid : _bLuzán 5, _c1986. |
||
| 300 |
_a2 v. : _bil. ; _c24 cm. |
||
| 490 | 1 | _aPregrado | |
| 700 | 1 |
_aPeña Melián, A. _990274 |
|
| 830 | 0 |
_aPregrado _9178352 |
|
| 852 |
_aES-MaACL _jC-61-62 _bR.114364 |
||
| 999 |
_c122513 _d122513 |
||